000
00305nam a2200133Ia 4500
008
231129s1968||||xx |||||||||||||| ||spa||
040
_b
spa
082
_a
923.54 S349
100
_a
Schmidt Heinz Werner
245
0
_a
Con Rommel en el desierto
260
_c
1968
264
_a
Juventud
942
_2
ddc
_c
BKS
999
_c
7838
_d
7838